Stranger Things - Statistiques

Statistiques générales
  • Ce quiz a été pris 549 fois
  • Le résultat moyen est 35 sur 70
Statistiques - réponses
Hint Réponse % Correct
Nom Eleven
98%
Nom Mike Wheeler
95%
Nom Will Byers
93%
Nom Dustin Henderson
92%
Nom Max Mayfield
91%
Nom Tommy H.
91%
Nom Lucas Sinclair
90%
Nom Jim Hopper
88%
Nom Joyce Byers
88%
Nom Nancy Wheeler
88%
Nom Jonathan Byers
86%
Nom Steve Harrington
86%
Nom Billy Hargrove
81%
Nom Robin Buckley
80%
Nom Erica Sinclair
77%
Nom Karen Wheeler
75%
Nom Vecna
73%
Nom Bob Newby
69%
Nom Eddie Munson
69%
Nom Holly Wheeler
68%
Nom Ted Wheeler
68%
Nom Martin Brenner
67%
Nom Murray Bauman
65%
Nom Barbara Holland
64%
Nom Démogorgon
62%
Nom Henry Creel
59%
Nom 008
56%
Nom Alexei
54%
Nom Chrissy Cunningham
53%
Nom Argyle
48%
Nom Jason Carver
48%
Nom Suzie Bingham
46%
Nom Enzo
44%
Nom Owens
42%
Nom 002
41%
Nom 004
41%
Nom 005
41%
Nom 006
41%
Nom 007
41%
Nom 009
41%
Nom 003
40%
Nom 010
40%
Nom Victor Creel
40%
Nom Flagelleur mental
39%
Nom Heather Holloway
36%
Nom Scott Clarke
36%
Nom 012
34%
Nom 013
34%
Nom 014
34%
Nom 015
34%
Nom 016
34%
Nom 017
34%
Nom 018
34%
Nom Yuri Ismaylov
34%
Nom Lonnie Byers
30%
Nom Tom Holloway
30%
Nom Claudia Henderson
28%
Nom Terry Ives
27%
nom Patrick McKinney
26%
Nom Larry Kline
23%
Nom Carol
17%
Nom Doris Driscoll
17%
Nom Susan Hargrove
16%
Nom Becky Ives
15%
Nom Bruce Lowe
15%
Nom Neil Hargrove
15%
Nom Troy
11%
Nom Keith
10%
Nom Démochiens
7%
Nom Vicki Carmichael
1%
Aucun quiz correspondant
Distribution des résultats
% des personnes avec chaque résultat
Percentile par nombre de réponses
Votre historique - résultats
Vous n’avez pas pris ce quiz